000 01000nas a2200349 4500
001 BR2011006716
003 BR-BrBNA
005 20231205115726.0
007 ta
008 230509b bl.|||p| |||| 00| 00por d
040 _aBR-BrBNA
_bpor
_cBiblioteca Nacional de Agricultura
041 _a(Pt)
072 _aL52
100 1 _aFernandes, L.O.
100 1 _aOliveira, D.R.
100 1 _aPaes, J.M.V.
100 1 _aMendes, F.C.
100 1 _aLandim, V.J.
100 1 _aFerreira, M.B.D.
100 1 _aCouto, G.S.
100 1 _aFidalgo, E.L.
245 1 _aFornecimento de água aquecida no desempenho de bovinos da raça Gir
246 1 _aWarm water supply in the performance of Gir cattle breed
650 _aBOVINO
650 _aGADO GIR
650 _aÁGUA
650 _aPERFORMANCE
650 _aCONFINAMENTO
773 0 _tFazu em Revista (Brazil)
_xISSN 1806-1699
_g(2007), v. 4 p. 58-62
_wBR2011006716
909 _a202311
_bLúcia
_c55
_dLúcia Elande
942 _2AGRIS
_n0
_cANA
999 _c215398
_d215398